000 00897cam a22002531i 4500
003 SA-RiAUC
005 20251021070321.0
008 251001s1999 le g 000 0 ara c
040 _aBH-JuISA
_bara
_cSA-RiAUC.
_erda
082 0 4 _a214
_qSA-RiAUC
090 _a214
_bخ ا ت
100 1 _aخاتمي، محمد،
_d1943-
_eمؤلف.
245 1 0 _aمطالعات في الدين والإسلام والعصر /
_cمحمد خاتمي.
250 _aالطبعة الثالثة.
264 1 _aبيروت :
_bدار الجديد،
_c1999
300 _a163 صفحة ؛
_c22 سم
336 _aنص
_btxt
_2rdacontent
_3كتاب
337 _aبدون وسيط
_bn
_2rdamedia
338 _aمجلد
_bnc
_2rdacarrier
650 7 _aالإسلام
_vمتفرقات
_2aucsh
650 7 _aالثقافة الإسلامية
_2aucsh
942 _2ddc
_cBOOK
_n0
949 _aSA-JeALM
_d251001
_umohamedma123
_n1
999 _c12655
_d12655